000 00453cam a22001337a 4500
008 180718b1977 xxu||||| |||| 00| 0 eng d
082 _aA81x54 In2/71/1/Pt2C/2
100 _aCensus of India 1971
245 _aIndia: social and cultural tables
260 _aDelhi
_bThe Controller of Publications
_c1977
300 _a211+p.
440 _aCensus of India 1971. Series-1, India. Part II-C (ii)
500 _aContents: Table C-II, C-III, Part A & B and C-IV
999 _c484788
_d484788